Conveyor and elevator textile belting-Specification. Part II. Heat resistant belting. (Third Revision). (Record no. 73601)

MARC details
000 -LEADER
fixed length control field 00413nam a2200133Ia 4500
245 #0 - TITLE STATEMENT
Title Conveyor and elevator textile belting-Specification. Part II. Heat resistant belting. (Third Revision).
260 ## - PUBLICATION, DISTRIBUTION, ETC. (IMPRINT)
Year of publication 1993
500 ## - GENERAL NOTE
General note Standard number: IS 1891 Part II
650 ## - SUBJECT ADDED ENTRY--TOPICAL TERM
Topical Term Conveyor belt
650 ## - SUBJECT ADDED ENTRY--TOPICAL TERM
Topical Term Elevator belt
650 ## - SUBJECT ADDED ENTRY--TOPICAL TERM
Topical Term Heat resistant belt
942 ## - ADDED ENTRY ELEMENTS (KOHA)
Koha item type Standards
Holdings
Withdrawn status Lost status Damaged status Not for loan Collection code Home library Current library Date acquired Koha item type
      Standards Indian standards RRII Library RRII Library 31/12/2021 Standards